000 00592nam a22001937a 4500
003 BD-DhJNU
005 20250311071040.0
008 250311b |||||||| |||| 00| 0 eng d
020 _a0720117313
040 _aBD-DhJNU
_bENG
_cBD-DhJNU
_dBD-DhJNU
082 _223
_a909.097671
100 _aSardar, Ziauddin
245 _aIslamic Futures :
_bthe shape of ideas to come /
_cZiauddin Sardar
260 _aLondon :
_bMansell Publishing LTD,
_c1985.
300 _axi, 367 p. :
_c20 cm.
504 _aincludes bibliographical reference and index
650 _aIslamic Futures
942 _2ddc
_cBK
_n0
999 _c1469
_d1469